[Event "Bogota Humana op"]
[Site "Bogota"]
[Date "2012.12.07"]
[Round "4"]
[White "Solano Osorio, Luis Alberto"]
[Black "Peraza, Leonardo"]
[Result "0-1"]
[WhiteElo "1600"]
[BlackElo "1831"]
[PlyCount "38"]
[EventDate "2012.12.05"]
[EventType "swiss"]
[EventRounds "9"]
[EventCountry "COL"]
[SourceTitle "EXT 2014"]
[Source "ChessBase"]
[SourceDate "2013.11.20"]
[SourceVersion "1"]
[SourceVersionDate "2013.11.20"]
[SourceQuality "1"]

1. d4 Nf6 2. c4 g6 3. Nc3 Bg7 4. e4 d6 5. f3 Nc6 6. d5 Ne5 7. Be3 a6 8. Qd2 h5 9. Rc1 Rb8 10. b4 b5 11. c5 dxc5 12. bxc5 0-0 13. Bh6 Bxh6 14. Qxh6 c6 15. Qd2 b4 16. Na4 cxd5 17. f4 Nxe4 18. Qd4 Nc6 19. Qe3 Qa5 0-1

[Event "Bogota Humana op"]
[Site "Bogota"]
[Date "2012.12.06"]
[Round "3"]
[White "Peraza, Leonardo"]
[Black "Chong Chinchay, Eric Joel"]
[Result "0-1"]
[WhiteElo "1831"]
[BlackElo "1977"]
[PlyCount "98"]
[EventDate "2012.12.05"]
[EventType "swiss"]
[EventRounds "9"]
[EventCountry "COL"]
[SourceTitle "EXT 2014"]
[Source "ChessBase"]
[SourceDate "2013.11.20"]
[SourceVersion "1"]
[SourceVersionDate "2013.11.20"]
[SourceQuality "1"]

1. d4 d5 2. Nf3 Nf6 3. g3 c6 4. Bg2 Bf5 5. 0-0 e6 6. Nh4 Bg4 7. a4 Nbd7 8. Nf3 Be7 9. c4 0-0 10. Qc2 Rc8 11. Bf4 c5 12. dxc5 Bxc5 13. Qb3 b6 14. cxd5 Nxd5 15. Bg5 Be7 16. Bxe7 Qxe7 17. e4 Nc5 18. Qc2 Nb4 19. Qe2 Nb3 20. Ra3 Nd4 21. Qd2 Bxf3 22. Bxf3 Rfd8 23. Qf4 e5 24. Qg4 Rc2 25. Bg2 Rxb2 26. Nc3 Nbc2 27. Ra2 Rxa2 28. Nxa2 Qa3 29. Nc1 Qxa4 30. Nd3 Qb5 31. Rd1 Nb4 32. Bf1 Nxd3 33. Rxd3 Qc5 34. Qh4 f6 35. g4 h6 36. Qg3 Qc1 37. Kg2 Qf4 38. Qxf4 exf4 39. h4 Kf7 40. Ra3 a5 41. Bc4+ Ke7 42. Bd5 Kd6 43. Rd3 Ke5 44. Rd1 b5 45. Rb1 Rb8 46. Kf1 b4 47. Ra1 b3 48. Rxa5 b2 49. Ba2+ Rb5 0-1

[Event "Bogota op 03"]
[Site "Bogota"]
[Date "2012.03.15"]
[Round "1"]
[White "Peraza, Leonardo"]
[Black "Salcedo, Diana"]
[Result "0-1"]
[WhiteElo "1725"]
[BlackElo "2028"]
[PlyCount "52"]
[EventDate "2012.03.15"]
[EventType "swiss"]
[EventRounds "7"]
[EventCountry "COL"]
[SourceTitle "CBM 147 Extra"]
[Source "ChessBase"]
[SourceDate "2012.04.24"]
[SourceVersion "1"]
[SourceVersionDate "2012.04.24"]
[SourceQuality "1"]

1. d4 Nf6 2. Nf3 e6 3. g3 b6 4. c4 Bb7 5. Bg2 Be7 6. 0-0 0-0 7. Nc3 d5 8. Ne5 Nbd7 9. Nxd7 Qxd7 10. Qc2 c5 11. dxc5 d4 12. Ne4 bxc5 13. Nxf6+ Bxf6 14. Bxb7 Qxb7 15. Rb1 Rfd8 16. Bd2 a5 17. a3 a4 18. Rfd1 Rdb8 19. Rdc1 Qc6 20. b4 axb3 21. Rxb3 Rxb3 22. Qxb3 Qa4 23. Rb1 Qxb3 24. Rxb3 h6 25. Kf1 Ra4 26. Ke1 Rxc4 0-1